| 000 | 00921cam a22002655a 4500 | ||
|---|---|---|---|
| 001 | 862917 | ||
| 005 | 20151215101541.0 | ||
| 008 | 080212m2008 maua frb 001 0 eng d | ||
| 020 | _a9781405179683 (pbk.) | ||
| 040 |
_aASU _beng _cASU _dBAKER _dYDXCP _dBTCTA _dEG-ScBUE _dEG-ScBUE |
||
| 082 | 0 | 4 |
_a330.91732 _bCOM _222 |
| 245 | 0 | 2 |
_aA companion to Urban economics / _cedited by Richard J. Arnott, Daniel P. McMillen. |
| 250 | _a1st pbk. ed. | ||
| 260 |
_aMalden ; _aOxford : _bBlackwell Pub., _c2008. |
||
| 300 |
_axxvii, 574 p. : _bill. ; _c25 cm. |
||
| 490 | 0 |
_aBlackwell companions to contemporary economics ; _v4 |
|
| 500 | _aIndex : p. 555-574. | ||
| 504 | _aIncludes bibliographical references. | ||
| 650 | 0 |
_aUrban economics. _2BUEsh _917758 |
|
| 651 | _2BUEsh | ||
| 653 |
_bBUSECO _cAugust2015 _cDecember2015 |
||
| 700 | 1 |
_aArnott, Richard J., _eeditor. |
|
| 700 | 1 |
_aMcMillen, Daniel P., _eeditor. |
|
| 942 | _2ddc | ||
| 999 |
_c20680 _d20652 |
||